[Event "GER-chT U12 Girls"]
[Site "Berlin"]
[Date "2022.12.27"]
[Round "1"]
[White "Werner, Amelie"]
[Black "Berger, Jennifer"]
[Result "0-1"]
[WhiteElo "872"]
[BlackElo "918"]
[PlyCount "132"]
[EventDate "2022.12.26"]
[EventType "team-swiss"]
[EventRounds "7"]
[EventCountry "GER"]
[SourceTitle "CBM 212 Extra"]
[Source "ChessBase"]
[SourceDate "2023.03.31"]
[SourceVersion "1"]
[SourceVersionDate "2023.03.31"]
[SourceQuality "1"]
[WhiteTeam "Garching II"]
[BlackTeam "Garching"]
[WhiteTeamCountry "GER"]
[BlackTeamCountry "GER"]

1. e4 e5 2. Nf3 Nc6 3. Bc4 Bc5 4. c3 d6 5. d4 Bb6 6. dxe5 Nxe5 7. Nxe5 dxe5 8. Qxd8+ Kxd8 9. Bxf7 Nf6 10. Bg5 h6 11. Bh4 g5 12. Bg3 Nxe4 13. Nd2 Nxd2 14. Kxd2 Rf8 15. Bb3 Bxf2 16. Rhf1 Bg4 17. Rxf2 Re8 18. h3 Bh5 19. Bf7 Bxf7 20. Rxf7 h5 21. Bxe5 Re7 22. Rxe7 Kxe7 23. Bxc7 Rc8 24. Re1+ Kd7 25. Bg3 Rd8 26. Re3 h4 27. Bf2 Kc8+ 28. Rd3 Rf8 29. Rf3 Rd8+ 30. Kc2 Re8 31. Re3 Rf8 32. Be1 Rf1 33. Bd2 Rf2 34. Kd3 Rxg2 35. Re2 Rg3+ 36. Re3 Rg2 37. c4 a6 38. Bc3 Kd7 39. Bf6 g4 40. Bxh4 gxh3 41. Rxh3 Rxb2 42. a4 Rb3+ 43. Ke4 Rxh3 44. Bf6 Ra3 45. Kd5 Rxa4 46. c5 a5 47. Bd4 Ra3 48. Bb2 Ra2 49. Bh8 Rd2+ 50. Kc4 Kc6 51. Bc3 Rc2 52. Kd4 a4 53. Kc4 a3 54. Kb3 Rxc3+ 55. Kxc3 Kxc5 56. Kb3 b5 57. Kxa3 Kc4 58. Kb2 Kb4 59. Kb1 Ka3 60. Ka1 b4 61. Kb1 Kb3 62. Ka1 Kc2 63. Ka2 b3+ 64. Ka3 b2 65. Ka2 b1Q+ 66. Ka3 Qb3# 0-1